000 01185nam a2200217Ia 4500
003 Ost
005 20260507075341.0
008 260507s9999||||xx |||||||||||||| ||und||
020 _a978995725084
040 _cfsecg
041 _aara
082 _a330
100 _aالمالكي، مجبل لازم مسلم
_eمؤلف
245 0 _aهندسة المعرفة وادارتها في البيئة الرقمية /
_c مجبل لازم مسلم المالكي
260 _aعمان:
_bقنديل للنشر,
_c2009
300 _a361 صفحة؛
_bإيضاحات ؛
_c25 سم
520 _aمفهوم القرارا الاداري وانواعه -القرار والمعلومات -القرار الجماعي -القرار الفردي -المشاركة في اتخاذ القرارات -مشاكل ومعوقات اتخاذ القرارات في الدول النامية -تنفيذ القرارات الادارية ونهايتها -قرار خصخصة الاتصالات الاردنية والآثار الناجمة عن هذا القرار( حالة عملية)
653 _aالقرارات الادارية
653 _aالمعلومات
942 _cكتاب
999 _c44092
_d44092